| 000 | 00639nam a2200181Ia 4500 | ||
|---|---|---|---|
| 005 | 20260429112246.0 | ||
| 008 | 260429s9999||||xx |||||||||||||| ||und|| | ||
| 020 | _a9788178541938 | ||
| 041 | _aHindi | ||
| 082 |
_a294.5924 _bTIW |
||
| 100 | _aतिवारी, रामचन्द्र | ||
| 245 | 0 |
_aश्रीमद्भागवत पुराण में प्रेमतत्व / _cरामचन्द्र तिवारी |
|
| 250 | _a2nd ed. | ||
| 260 |
_aदिल्ली : _bईस्टर्न बुक लिंकर, _c2011. |
||
| 300 | _axxii, 362 p.; Hb | ||
| 650 | _aReligion | ||
| 942 | _cTB | ||
| 999 |
_c53171 _d53171 |
||